Les pays ou Halloween est le plus célébrée - Statistiques

Statistiques générales
  • Ce quiz a été pris 73 fois
  • Le résultat moyen est 9 sur 12
Statistiques - réponses
Classement Pays % Correct
9 France
100%
1 États-Unis
99%
2 Canada
97%
5 Mexique
93%
8 Allemagne
84%
12 Brésil
78%
3 Irlande
71%
11 Japon
71%
4 Angleterre
67%
6 Australie
65%
7 Nouvelle-Zélande
51%
10 Écosse
41%
Aucun quiz correspondant
Distribution des résultats
% des personnes avec chaque résultat
Percentile par nombre de réponses
Votre historique - résultats
Vous n’avez pas pris ce quiz